Liga ACB Teams (Spain Basketball League) - Statistics

General Stats
  • This quiz has been taken 213 times
  • The average score is 12 of 18
Answer Stats
Answer % Correct
Real Madrid Baloncesto
98%
FC Barcelona Bàsquet
93%
Saski Baskonia
83%
Baloncesto Málaga
79%
Valencia Basket
77%
Bàsquet Girona
74%
CB Canarias
68%
CB Gran Canaria
68%
Bàsquet Manresa
66%
Fundación CB Granada
63%
Bilbao Basket
60%
Basket Zaragoza
59%
Club Joventut Badalona
58%
UCAM Murcia CB
56%
Obradoiro CAB
51%
Baloncesto Fuenlabrada
38%
CB Breogán
35%
Real Betis Baloncesto
34%
No matching quizzes found
Score Distribution
Percent of People with Each Score
Percentile by Number Answered
Your Score History
You have not taken this quiz